000 01053nam0a2200325 i 4500
001 RU\NLR\bibl\2058350
005 20240723110057.0
010 _a9785711706274
_9500
021 _aRU
_b2013-51361
_93560
035 _a(nilc)RuMoRGB-006601821
035 _a(NLR Aleph) 002045157
090 _a4614951
_c4614951
100 _a20130702d2013 u y0rusy50 ca
101 0 _arus
102 _aRU
105 _aa zzzz|||||
200 1 _aВоздух поэзии
_eстихи
_fЕвгения Шарова
210 _aМосква
_cГолос-Пресс
_d2013
215 _a127 с.
_cил., портр.
_d17
686 _aШ6(2=Р)8-5
700 1 _aШарова
_bЕ. А.
_gЕвгения Аркадьевна
_4070
801 0 _aRU
_bRuMoRKP
_c20130702
_gRCR
801 2 _aRU
_bРГБ
_c20130711
_grcr
801 1 _aRU
_bRuMoRKP
_c20130702
_2rusmarc
801 2 _aRU
_bNLR
_c20130731
_grcr
830 _aавт. раскрыт по кн.
942 _cBOOK
980 _aNBR